Teoretické a hodnotové východiská európskej integrácie dizertačná práca
Saved in:
| Main Author: | |
|---|---|
| Corporate Author: | |
| Other Authors: | |
| Format: | Book |
| Language: | Slovak |
| Published: |
Bratislava
2010
|
| Subjects: | |
| Tags: |
No Tags, Be the first to tag this record!
|
MARC
| LEADER | 00000nam$a2200000$$$4500 | ||
|---|---|---|---|
| 001 | 0116763 | ||
| 005 | 20240502072312.3 | ||
| 041 | 0 | |a slo | |
| 044 | |a SK | ||
| 245 | 1 | 0 | |a Teoretické a hodnotové východiská európskej integrácie |b dizertačná práca |c Ľudmila Dolná ; škol. Milan Márton |
| 264 | 1 | |a Bratislava |c 2010 | |
| 300 | |a 184 s. | ||
| 610 | 2 | 0 | |a integrácia ekonomická medzinárodná |
| 610 | 2 | 0 | |a Európska únia |
| 100 | 1 | |a Dolná, Ľudmila, 1976- | |
| 700 | 1 | |a Márton, Milan | |
| 710 | 2 | |a Ekonomická univerzita v Bratislave. Fakulta medzinárodných vzťahov | |